| 000 | 00416 a2200133 4500 | ||
|---|---|---|---|
| 999 |
_c9604 _d9604 |
||
| 050 | _aKTZ2.23.A2Z56 | ||
| 100 |
_dRowland Reid John _eeditor |
||
| 245 |
_aZimbabwe law reports : _b2007 Part 1 / _cJohn Reid Rowland |
||
| 264 |
_aHarare:Zimbabwe: _bLegal Resources Foundation WO41/84, _c2007 |
||
| 300 | _a607p. : | ||
| 500 | _aincludes subject index | ||
| 650 | _alaw report | ||
| 942 |
_2lcc _cSERIALS _h2.23.A2Z56 _iFEL _kKTZ |
||